| 000 | 00433nam a2200157Ia 4500 | ||
|---|---|---|---|
| 008 | 221030s9999 xx 000 0 und d | ||
| 020 | _a8177224867 | ||
| 041 | _aEnglish | ||
| 100 | _aK. Sierra | ||
| 245 | 0 |
_aSCJP - Sun Certified Programmes for Java TM 5 ( Exam Study Guide ) _cby K. Sierra, B. Bates |
|
| 260 |
_bDreamtech Press _aNew Delhi _c2008 |
||
| 300 | _a825 | ||
| 650 | _aBB Computer | ||
| 700 | _aB. Bates | ||
| 942 | _cBK | ||
| 999 |
_c18218 _d18218 |
||